|
|
|
|
| LEADER |
01686nam a2200301 a 4500 |
| 001 |
3980037 |
| 008 |
100630r20051996nyua b 001 0 eng d |
| 010 |
|
|
|a 95034590
|
| 020 |
|
|
|a 0412064014 (alk. paper)
|
| 020 |
|
|
|a 8123905424
|
| 040 |
|
|
|a DLC
|c DLC
|d DLC
|d BD-DhAAL
|
| 082 |
0 |
0 |
|a 621.31/21
|2 20
|
| 245 |
0 |
0 |
|a Power plant engineering /
|c by Black & Veatch ; Lawrence F. Drbal, managing editor, Patricia G. Boston, associate editor, Kayla L. Westra, associate editor.
|
| 260 |
|
|
|a New York :
|b Chapman & Hall ;
|a New Delhi ;
|b CBS Publishers,
|c c1996.[Reprinted 2005]
|
| 300 |
|
|
|a xiv, 858 p. :
|b ill. ;
|c 29 cm.
|
| 504 |
|
|
|a Includes bibliographical references.
|
| 541 |
1 |
|
|e 00020529
|
| 650 |
|
0 |
|a Electric power-plants
|x Design and construction.
|
| 700 |
1 |
|
|a Drbal, Lawrence F.,
|d 1944-
|
| 700 |
1 |
|
|a Boston, Patricia G.,
|d 1937-
|
| 700 |
1 |
|
|a Westra, Kayla L.,
|d 1966-
|
| 710 |
2 |
|
|a Black & Veatch.
|
| 852 |
4 |
|
|a Ayesha Abed Library
|j General shelf
|
| 999 |
|
|
|c 9121
|d 9121
|
| 952 |
|
|
|0 0
|1 0
|2 ddc
|4 0
|6 621_312100000000000_POW_2005
|7 0
|9 11366
|a BRACUL
|b BRACUL
|c GEN
|d 2010-06-30
|l 3
|m 15
|o 621.3121 POW
|p 3010020529
|r 2014-12-23
|s 2014-09-23
|t 1
|w 2010-06-30
|y BK
|
| 952 |
|
|
|0 0
|1 0
|2 ddc
|4 0
|6 621_312100000000000_POW_2005
|7 0
|9 11367
|a BRACUL
|b BRACUL
|c GEN
|d 2010-06-30
|l 2
|m 28
|o 621.3121 POW
|p 3010020530
|r 2017-08-21
|s 2017-05-07
|t 2
|w 2010-06-30
|y BK
|
| 952 |
|
|
|0 0
|1 0
|2 ddc
|4 0
|6 621_312100000000000_POW_2005
|7 0
|9 11368
|a BRACUL
|b BRACUL
|c GEN
|d 2010-06-30
|l 4
|m 25
|o 621.3121 POW
|p 3010020531
|q 2026-06-02
|r 2026-04-04
|s 2026-04-04
|t 3
|w 2010-06-30
|y BK
|
| 952 |
|
|
|0 0
|1 0
|2 ddc
|4 0
|6 621_312100000000000_POW_2005
|7 0
|9 11369
|a BRACUL
|b BRACUL
|c GEN
|d 2010-06-30
|l 4
|m 18
|o 621.3121 POW
|p 3010020532
|r 2012-12-17
|s 2012-10-02
|t 4
|w 2010-06-30
|y BK
|